| 000 | 00553cam a22002171 4500 | ||
|---|---|---|---|
| 001 | sa 67000696 | ||
| 003 | DLC | ||
| 005 | 20260227112316.0 | ||
| 008 | 891005s1965 ii 000 0 urdr | ||
| 010 | _asa 67000696 | ||
| 035 | _a(OCoLC)20446257 | ||
| 040 |
_aDLC _cWaU _dDLC |
||
| 042 | _apremarc | ||
| 050 | 0 | 0 |
_aJC47 _b.Z3 |
| 100 | 1 | _aẒafīruddīn, Muḥammad. | |
| 245 | 1 | 0 | _aIslāmī ḥukūmat ke naqsh o nigār. |
| 260 | _c[1965] | ||
| 300 |
_a144 p. (p. 141-144 advertisements) _c19 cm. |
||
| 500 | _aIn Urdu. | ||
| 650 | 0 | _aState, The. | |
| 999 |
_c72150 _d72150 |
||